书目信息 |
| 题名: |
喜闻乐见的传统戏曲
|
|
| 作者: | 王博 编著 | |
| 分册: | ||
| 出版信息: | 长春 吉林出版集团有限责任公司 2019.1 |
|
| 页数: | 159页 | |
| 开本: | 24cm | |
| 丛书名: | 流光溢彩的中华民俗文化 (彩图版) | |
| 单 册: | ||
| 中图分类: | J809.22 | |
| 科图分类: | ||
| 主题词: | 古代戏曲--介绍--中国 | |
| 电子资源: | ||
| ISBN: | 978-7-5534-5081-0 | |
| 000 | 01055nam 2200277 45 | |
| 001 | 012001000585 | |
| 005 | 20130909100846.0 | |
| 010 | @a978-7-5534-5081-0@dCNY27.80 | |
| 099 | @aCAL 012015055866 | |
| 100 | @a20141022d2014 em y0chiy0110 ea | |
| 101 | 0 | @achi |
| 102 | @aCN@b220000 | |
| 105 | @aa z 000yy | |
| 106 | @ar | |
| 200 | 1 | @a喜闻乐见的传统戏曲@f王博编著@Axi wen le jian de chuan tong xi qu |
| 210 | @a长春@c吉林出版集团有限责任公司@d2019.1 | |
| 215 | @a159页@c彩图@d24cm | |
| 225 | 2 | @a流光溢彩的中华民俗文化 (彩图版)@Aliu guang yi cai de zhong hua min su wen hua ( cai tu ban ) |
| 314 | @a版权页题作者:王博 | |
| 330 | @a本书介绍了中国的传统戏曲,内容包括戏曲是中国传统的戏剧形式、古代戏剧以“戏”和“曲”为主要元素、戏曲的表演动作富有舞蹈性、传统戏曲有着多变的音乐唱腔、传统戏曲是中国民俗的一部分等。 | |
| 461 | 0 | @12001 @a流光溢彩的中华民俗文化 (彩图版) |
| 606 | 0 | @a古代戏曲@x介绍@y中国 |
| 690 | @aJ809.22@v5 | |
| 701 | 0 | @a王博@Awang bo@4编著 |
| 801 | @aCN@b江苏凤凰@c20211018 | |
| 905 | @b1340228-31@dJ809.22@e145@f4 | |
| 喜闻乐见的传统戏曲/王博编著.-长春:吉林出版集团有限责任公司,2019.1 |
| 159页:彩图;24cm.-(流光溢彩的中华民俗文化 (彩图版)) |
| ISBN 978-7-5534-5081-0:CNY27.80 |
| 本书介绍了中国的传统戏曲,内容包括戏曲是中国传统的戏剧形式、古代戏剧以“戏”和“曲”为主要元素、戏曲的表演动作富有舞蹈性、传统戏曲有着多变的音乐唱腔、传统戏曲是中国民俗的一部分等。 |
| ● |
| 相关链接 |
|
|
|
|
正题名:喜闻乐见的传统戏曲
索取号:J809.22/145
 
预约/预借
| 序号 | 登录号 | 条形码 | 馆藏地/架位号 | 状态 | 备注 |
| 1 | 1340228 | 213402281 | 第一样本阅览室/ [索取号:J809.22/145] | 在馆 | |
| 2 | 1340229 | 213402290 | 第一借阅区/ [索取号:J809.22/145] | 在馆 | |
| 3 | 1340230 | 213402307 | 第一借阅区/ [索取号:J809.22/145] | 在馆 | |
| 4 | 1340231 | 213402316 | 第一借阅区/ [索取号:J809.22/145] | 在馆 |